Statistics for CCR Songs

Click here to take the quiz!

General Stats

  • This quiz has been taken 12 times
  • The average score is 19 of 65

Answer Stats

Answer% Correct
Fortunate Son
83%
Green River
83%
Have You Ever Seen the Rain
83%
Proud Mary
83%
Bad Moon Rising
75%
Down on the Corner
67%
Who'll Stop the Rain
67%
Born on the Bayou
58%
Up Around the Bend
58%
Lodi
50%
Travelin' Band
50%
Cotton Fields (Huddie Ledbetter)
42%
I Put a Spell on You (Screaming Jay Hawkins)
42%
Run Through the Jungle
42%
Susie Q (Dale Hawkins)
42%
Sweet Hitch-Hiker
42%
The Midnight Special (Traditional)
42%
Bootleg
33%
Commotion
33%
Effigy
33%
Keep On Chooglin
33%
Lookin' Out My Back Door
33%
Ramble Tamble
33%
Someday Never Comes
33%
Tombstone Shadow
33%
Before you Accuse Me (Bo Diddley)
25%
Feelin' Blue
25%
Good Golly, Miss Molly (Little Richard)
25%
Graveyard Train
25%
Hello Mary Lou
25%
Hey Tonight
25%
I Heard it Through the Grapevine (Gladys Knight & the Pips)
25%
Molina
25%
Ninety Nine and a Half (Wilson Pickett)
25%
Ooby Dooby (Dick Penner)
25%
Pagan Baby
25%
Penthouse Pauper
25%
Poor Boy Shuffle
25%
Porterville
25%
Sinister Purpose
25%
Wrote a Song for Everyone
25%
Cross-Tie Walker
17%
Don't Look Now
17%
Gloomy
17%
It Came Out of the Sky
17%
Long as I can See the Light
17%
My Baby Left Me (Arthur Crudup)
17%
Side o' the Road
17%
Take It Like a Friend
17%
The Night Time is the Right Time (Nappy Brown)
17%
The Working Man
17%
Born to Move
8%
Chameleon
8%
Door to Door
8%
Get Down Woman
8%
Hideaway
8%
Sailor's Lament
8%
Walk on the Water
8%
It's Just a Thought
0%
Looking for a Reason
0%
Need Someone to Hold
0%
Rude Awakening #2
0%
Sail Away
0%
Tearin' Up the Country
0%
What are you Gonna Do
0%

Score Distribution

Percentile by Number Answered

Percent of People with Each Score

Your Score History

You have not taken this quiz